000 00742cam a2200253 i 4500
001 9818
003 BD-RjUL
005 20211208234837.0
008 140121s1955 nyu 001 0 eng
035 _a(BD-RjUL)9863
040 _aDLC
_cDLC
_dBD-RjUL
_beng
041 _aeng
082 0 0 _a530.01
_bBRR 1955
100 1 _aBridgman, P. W.
_q(Percy Williams),
_d1882-1961.
_930339
245 1 0 _aReflections of a physicist /
_cPercy Williams Bridgman.
260 _aNew York :
_bArno Press,
_cc1955.
300 _axiv, 576 p. ;
_c21 cm.
500 _aIncludes index.
650 0 _aPhysics
_xPhilosophy.
_930341
942 _2ddc
_cBK
999 _c9818
_d9818